000 00274nam a2200097Ia 4500
008 190911s9999||||xx |||||||||||||| ||und||
100 _aKenneth J.Tbygerson
245 0 _aFinancial Markets and Institutions a Managerial Approach
260 _aAustralia
_bCRC
_c2000
300 _a350
999 _c7046
_d7046